00358nam a22001097a 4500008004100000020001500041050002600056245010100082250001300183260003600196300001600232190201b xxu||||| |||| 00| 0 eng d a9386217882 aRC483 b.E86 2013 c.1 aEssentials of Clinical Psychopharmacologybedited by Alan F. Schatzberg and Charles B.. Nemeroff a3rd ed.  aNew DelhibCBS Publishersc2013 axxii, 877p.